Municípios de Santa Catarina em um Mapa - Statistics

Estatísticas Gerais
  • Esse quiz foi jogado 17 377 vezes
  • A pontuação média é 70 de 295
Respostas no mapa
Respostas codificadas por cores de uma escala verde-vermelha no mapa do quiz de acordo com a % correta abaixo.
 
Estatísticas das Respostas
Município % Correto
Florianópolis
94%
Balneário Camboriú
88%
Itá
84%
Joinville
84%
Blumenau
81%
Chapecó
81%
Criciúma
75%
Lages
73%
Itajaí
70%
São José
70%
Tubarão
65%
Brusque
63%
Palhoça
62%
Bombinhas
61%
Camboriú
61%
Jaraguá do Sul
61%
Itapema
60%
Penha
57%
Pomerode
53%
Xanxerê
53%
Navegantes
52%
Rio do Sul
52%
Concórdia
51%
São Francisco do Sul
51%
São Joaquim
50%
Urubici
49%
São Miguel do Oeste
48%
Caçador
47%
Laguna
47%
Indaial
46%
Mafra
45%
Timbó
45%
Xaxim
44%
Curitibanos
43%
Porto Belo
43%
Balneário Piçarras
42%
Barra Velha
42%
Biguaçu
41%
Gaspar
41%
Governador Celso Ramos
41%
Imbituba
41%
Araranguá
40%
Joaçaba
39%
Garopaba
38%
São Bento do Sul
38%
Tijucas
38%
Urupema
38%
Canoinhas
35%
Itapoá
35%
Rio Negrinho
34%
Sombrio
34%
Campos Novos
33%
Porto União
32%
Garuva
31%
Maravilha
31%
Nova Trento
31%
Videira
31%
Araquari
30%
Fraiburgo
30%
Treze Tílias
30%
Alfredo Wagner
29%
Dionísio Cerqueira
29%
Ilhota
29%
Santo Amaro da Imperatriz
29%
Balneário Gaivota
28%
Balneário Rincão
28%
Bom Jardim da Serra
28%
Guaramirim
28%
Nova Veneza
28%
Taió
28%
Águas Mornas
27%
Braço do Norte
27%
Içara
27%
Abelardo Luz
26%
Anita Garibaldi
26%
Balneário Barra do Sul
26%
Passo de Torres
26%
Rancho Queimado
26%
Ibirama
25%
Ituporanga
25%
Jaguaruna
25%
Orleans
25%
Paulo Lopes
25%
Piratuba
25%
Praia Grande
25%
Ascurra
24%
Campo Alegre
24%
Lauro Müller
24%
Massaranduba
24%
Pinhalzinho
24%
Agrolândia
23%
Agronômica
23%
Águas de Chapecó
23%
Anitápolis
23%
Balneário Arroio do Silva
23%
Capinzal
23%
Corupá
23%
Itaiópolis
23%
Santa Cecília
23%
Urussanga
23%
Abdon Batista
22%
Água Doce
22%
Angelina
22%
Apiúna
22%
Bom Retiro
22%
Canelinha
22%
Forquilhinha
22%
Lontras
22%
Otacílio Costa
22%
São João Batista
22%
Seara
22%
Antônio Carlos
21%
Celso Ramos
21%
Doutor Pedrinho
21%
Itapiranga
21%
Luiz Alves
21%
Ouro
21%
Palmitos
21%
Papanduva
21%
Presidente Getúlio
21%
Rodeio
21%
Schroeder
21%
Turvo
21%
Águas Frias
20%
Correia Pinto
20%
Herval d'Oeste
20%
Pouso Redondo
20%
Trombudo Central
20%
Zortéa
20%
Aurora
19%
Bom Jesus
19%
Botuverá
19%
Campo Erê
19%
Gravatal
19%
Lebon Régis
19%
Monte Castelo
19%
Morro da Fumaça
19%
Rio dos Cedros
19%
Vargem
19%
Braço do Trombudo
18%
Brunópolis
18%
Catanduvas
18%
Cocal do Sul
18%
Erval Velho
18%
Irani
18%
Painel
18%
Ponte Alta
18%
Santa Terezinha
18%
São Carlos
18%
São Lourenço do Oeste
18%
Saudades
18%
Armazém
17%
Benedito Novo
17%
Capivari de Baixo
17%
Descanso
17%
Dona Emma
17%
Ermo
17%
Faxinal dos Guedes
17%
Grão Pará
17%
Guabiruba
17%
Imaruí
17%
Jacinto Machado
17%
Luzerna
17%
Ponte Serrada
17%
Rio das Antas
17%
Rio do Oeste
17%
Salete
17%
São José do Cerrito
17%
São Ludgero
17%
São Pedro de Alcântara
17%
Siderópolis
17%
Três Barras
17%
Witmarsum
17%
Anchieta
16%
Atalanta
16%
Bocaina do Sul
16%
Calmon
16%
Capão Alto
16%
Flor do Sertão
16%
Imbuia
16%
Ipira
16%
Meleiro
16%
Monte Carlo
16%
Palmeira
16%
Quilombo
16%
São João do Itaperiú
16%
São João do Sul
16%
Timbé do Sul
16%
Xavantina
16%
Arroio Trinta
15%
Caibi
15%
Campo Belo do Sul
15%
Coronel Freitas
15%
Cunha Porã
15%
Guaraciaba
15%
Laurentino
15%
Mondaí
15%
Nova Erechim
15%
Presidente Nereu
15%
Santa Helena
15%
Santa Rosa do Sul
15%
São João do Oeste
15%
São Martinho
15%
Timbó Grande
15%
Treze de Maio
15%
Vidal Ramos
15%
Arvoredo
14%
Belmonte
14%
Cerro Negro
14%
Frei Rogério
14%
Irati
14%
Irineópolis
14%
José Boiteux
14%
Major Gercino
14%
Major Vieira
14%
Maracajá
14%
Mirim Doce
14%
Modelo
14%
Ouro Verde
14%
Palma Sola
14%
Pescaria Brava
14%
Pinheiro Preto
14%
Princesa
14%
Rio Rufino
14%
Sangão
14%
São Bonifácio
14%
São José do Cedro
14%
Tangará
14%
Alto Bela Vista
13%
Arabutã
13%
Bandeirante
13%
Barra Bonita
13%
Bela Vista do Toldo
13%
Caxambu do Sul
13%
Cordilheira Alta
13%
Guarujá do Sul
13%
Guatambú
13%
Iomerê
13%
Iporã do Oeste
13%
Iraceminha
13%
Jaborá
13%
Morro Grande
13%
Paraíso
13%
Peritiba
13%
Ponte Alta do Norte
13%
Presidente Castello Branco
13%
Rio Fortuna
13%
São Cristóvão do Sul
13%
Vargeão
13%
Vargem Bonita
13%
Vitor Meireles
13%
Bom Jesus do Oeste
12%
Chapadão do Lageado
12%
Entre Rios
12%
Galvão
12%
Ibiam
12%
Ibicaré
12%
Ipuaçu
12%
Ipumirim
12%
Lacerdópolis
12%
Leoberto Leal
12%
Macieira
12%
Matos Costa
12%
Passos Maia
12%
Petrolândia
12%
Rio do Campo
12%
Salto Veloso
12%
Santa Rosa de Lima
12%
Santiago do Sul
12%
São Domingos
12%
Sul Brasil
12%
Tigrinhos
12%
Treviso
12%
Tunápolis
12%
Coronel Martins
11%
Formosa do Sul
11%
Lindóia do Sul
11%
Nova Itaberaba
11%
Novo Horizonte
11%
Paial
11%
Pedras Grandes
11%
Riqueza
11%
Romelândia
11%
Saltinho
11%
Cunhataí
10%
Jardinópolis
10%
Jupiá
10%
Lajeado Grande
10%
Marema
10%
Serra Alta
10%
Santa Terezinha do Progresso
9%
São Bernardino
9%
União do Oeste
9%
Planalto Alegre
8%
São Miguel da Boa Vista
8%
Nenhum quiz correspondente encontrado
Distribuição das Pontuações
Porcentagem de Pessoas com Cada Pontuação
Percentil de Números Respondidos
Sua Pontuação Histórica
Você não jogou esse quiz